<?xml version="1.0" encoding="UTF-8"?>
<marc:record xmlns:marc="http://www.loc.gov/MARC21/slim">
   <marc:leader>00000nam a2200000 a 4500</marc:leader>
   <marc:datafield ind1="1" ind2=" " tag="100">
      <marc:subfield code="a">Peirce, Lincoln</marc:subfield>
      <marc:subfield code="4">aut</marc:subfield>
      <marc:subfield code="e">Verfasser/-in</marc:subfield>
   </marc:datafield>
   <marc:datafield ind1="0" ind2="0" tag="245">
      <marc:subfield code="a">Super Nick 04</marc:subfield>
   </marc:datafield>
   <marc:datafield ind1="0" ind2="0" tag="245">
      <marc:subfield code="b">Packt ein, ihr Knalltüten</marc:subfield>
   </marc:datafield>
   <marc:datafield ind1=" " ind2="1" tag="264">
      <marc:subfield code="b">cbj</marc:subfield>
      <marc:subfield code="c">2013</marc:subfield>
   </marc:datafield>
   <marc:datafield ind1="1" ind2=" " tag="520">
      <marc:subfield code="a">Super Nick - einfach unschlagbar!  Nick hatÆs geschafft: Er ist Präsident des coolsten Cartoon-Clubs weit und breit. Klar, Nick ist ja auch für Großes bestimmt. Um endgültig in die Annalen einzugehen, muss nur noch ein glorioser Sieg beim Cartoon-Wettbewerb her. Zu dumm, dass die Knalltüten von der Jefferson Schule seit Jahren alle Preise abräumen. Da hilft nur eins: ein genialer Plan. Dafür ist Nick sogar bereit, Drama-Queen Dee Dee in seinen Club aufzunehmen. Aber Mädchen sollte man niemals unterschätzen.</marc:subfield>
   </marc:datafield>
   <marc:datafield ind1=" " ind2=" " tag="020">
      <marc:subfield code="a">9783570156223</marc:subfield>
      <marc:subfield code="9">9783570156223</marc:subfield>
   </marc:datafield>
</marc:record>
